Relaciones entre la iglesia y el estado en la Edad Media
Uloženo v:
| Hlavní autor: | |
|---|---|
| Médium: | Kniha |
| Jazyk: | španělština |
| Vydáno: |
Madrid
Revista de Occidente
1973
|
| Edice: | Biblioteca de Política y Sociología, Revista de Occidente
|
| Témata: | |
| Tagy: |
Přidat tag
Žádné tagy, Buďte první, kdo vytvoří štítek k tomuto záznamu!
|
MARC
| LEADER | 00000nam a2200000 a 4500 | ||
|---|---|---|---|
| 001 | UCS9191 | ||
| 003 | CL-VaPUC | ||
| 005 | 20240509133931.0 | ||
| 008 | 971113e19730000SP |||||||||||||||||spa|d | ||
| 999 | |c 263185 |d 263183 | ||
| 040 | |c Pontificia Universidad Católica de Valparaíso | ||
| 082 | 0 | 4 | |a 261.7 |b GAL |2 21 |
| 100 | 0 | |a Gallego Blanco, Enrique |e author |9 394222 | |
| 245 | 1 | 0 | |a Relaciones entre la iglesia y el estado en la Edad Media |
| 260 | |a Madrid |b Revista de Occidente |c 1973 | ||
| 300 | |a 317 p | ||
| 490 | 0 | |a Biblioteca de Política y Sociología, Revista de Occidente | |
| 583 | |a last modification |c 19971113 00:00:00 |k Rodrigo Vera | ||
| 600 | 0 | |a Iglesia católica |9 255129 |x Concilios y sinodos | |
| 650 | 0 | |a Iglesia y Estado |9 254995 |x Historia |y Siglo 4 | |
| 650 | 7 | |a Derecho canónico |2 CL-VaPUC |9 394224 | |
| 650 | 0 | |a Papas |9 258738 | |
| 650 | 0 | |a Documentos pontificios |9 255642 | |
| 942 | |c BK |2 ddc | ||
| 945 | |d 19971113 00:00:00 |a cmena | ||
| 952 | |0 0 |1 0 |4 0 |6 261_700000000000000_GAL_1973 |7 0 |8 DER_HDC |9 292324 |a BIBDER |b BIBDER |d 2019-11-19 |i 1900676 |o 261.7 GAL 1973 |p 1900676 |r 2023-01-25 |w 2019-11-19 |x Ubicación 4to Piso |y BK |z Estos recursos deben solicitarse con anticipación |k DER | ||
| 952 | |0 0 |1 0 |4 0 |6 261_700000000000000_GAL_1973 |7 0 |8 R |9 292325 |a BIBHIS |b BIBHIS |d 2019-11-19 |i 1368087 |o 261.7 GAL 1973 |p 1368087 |r 2024-01-30 |w 2019-11-19 |y BK_R |k HIS | ||